|
|
|
|
| LEADER |
00775pam a22002298a 4500 |
| 001 |
00025928 |
| 005 |
20210310100335.0 |
| 008 |
110812s2003 ||||||viesd |
| 041 |
0 |
# |
|a vie
|
| 082 |
1 |
4 |
|a 428
|b PH561PH
|
| 100 |
0 |
# |
|a Sinh Phúc
|
| 245 |
0 |
0 |
|a Phương pháp thực hành làm luận tiếng Anh
|b English essay writing skills
|c Sinh Phúc, Ngọc Bích
|
| 260 |
# |
# |
|a H.
|b Thanh Niên
|c 2003
|
| 300 |
# |
# |
|a 367tr.
|c 21cm.
|
| 653 |
# |
# |
|a bài luận
|
| 653 |
# |
# |
|a tiếng anh
|
| 852 |
# |
# |
|b Kho giáo trình
|j KGT.0027857
|
| 852 |
# |
# |
|b Kho mượn
|j KGT.0027857
|
| 852 |
# |
# |
|b Kho đọc
|j KD.0014520
|
| 852 |
# |
# |
|j KD.0014520
|j KGT.0027857
|
| 910 |
# |
# |
|d 12/08/2011
|
| 980 |
# |
# |
|a Trung tâm Học liệu Lê Vũ Hùng, Trường Đại học Đồng Tháp
|